000
00304nam a2200157Ia 4500
100
_a
Thorat/ Sandeep A
650
_a
C
942
_c
BK
366
_f
25
245
_a
C Interview Q&A
260
_b
SPD
_c
2011
082
_a
5.133
_b
THO
300
_a
170
546
_a
ENGLISH
_c
Computers
999
_c
19760
_d
19760